| 000 | 00384nam a2200145Ia 4500 | ||
|---|---|---|---|
| 005 | 20251222151328.0 | ||
| 008 | 251222s9999||||xx |||||||||||||| ||spa|| | ||
| 020 | _a9786124570629 | ||
| 082 | _a398.209/E86 | ||
| 100 | _aEspino Relucé, Gonzalo | ||
| 245 | 0 | _aLa Literatura Oral o la Literatura de Tradición Oral | |
| 250 | _a1ra.ed. | ||
| 264 | _bPakarina Ediciones | ||
| 942 | _cLIB | ||
| 999 |
_c23984 _d23984 |
||